ბათუმის შოთა რუსთაველის სახელმწიფო უნივერსიტეტის ბიბლიოთეკა

ადგილობრივი თვითმმართველობის ორგანიზაცია და ადგილობრივი ადმინისტრაციული წარმოება / (ბიბ.ჩანაწერი № 36397)

000 -ლიდერი
ფიქსირებული სიგრძის საკონტროლო ველი 01803nam a2200241Ia 4500
001 - საკონტროლო ნომერი
საკონტროლო ველი 2311
003 - საკონტროლო ნომრის იდენტიფიკატორი
საკონტროლო ველი GE_BSU
005 - ბოლო ოპერაციის თარიღი და დრო
საკონტროლო ველი 20190529132129.0
008 - ფიქსირებული სიგრძის მონაცემთა ელემენტები - ზოგადი ინფორმაცია
ფიქსირებული სიგრძის საკონტროლო ველი 181216s2008||||ge |||||||||||||| ||geo||
020 ## - წიგნის საერთაშორისო სტანდარტული ნომერი
International Standard Book Number 978994025763
040 ## - კატალოგიზაციის წყარო
Transcribing agency GE_BSU
041 ## - ენის კოდი
Language code of text/sound track or separate title geo
080 ## - უნივერსალური ათობითი კლასიფიკაციის ინდექსი
Universal Decimal Classification number 352/354 ფ–98
100 ## - მთავარი ჩანაწერი - პიროვნების სახელი
Personal name ფუტკარაძე, რაჟდენ
9 (RLIN) 245
245 ## - ცნობა სათაურის შესახებ
Title ადგილობრივი თვითმმართველობის ორგანიზაცია და ადგილობრივი ადმინისტრაციული წარმოება /
Statement of responsibility, etc რაჟდენ ფუტკარაძე ; რედ. მ. გორგოშაძე; შოთა რუსთაველის სახელმწ. უნ-ტის სოციალ. მეცნ., ბიზნესისა და სამართალმცოდნ. ფაკ., იურიდ. მეცნ. დეპარტამენტი.
264 ## - წარმოების, გამოცემის, დისტრიბუციის და სხვა ცნობები
გამოცემის, წარმოების, დისტრიბუციის... ადგილი ბათუმი :
გამოცემის, წარმოების, დისტრიბუციის... სახელწოდება შოთა რუსთაველის უნ-ტის გამ-ბა,
გამოცემის, წარმოების, დისტრიბუციის... თარიღი 2008.
300 ## - ფიზიკური აღწერა
Extent 435 გვ.;
Other physical details 21 სმ.
653 ## - INDEX TERM--UNCONTROLLED
Uncontrolled term ადგილობრივი თვითმმართველობის ორგანოები საქართველოში
653 ## - INDEX TERM--UNCONTROLLED
Uncontrolled term ადმინისტრაციული სამართალი
700 ## - ADDED ENTRY--PERSONAL NAME
Personal name გორგოშაძე, მურმან
Relator term რედაქტორი
9 (RLIN) 1793
710 ## - ADDED ENTRY--CORPORATE NAME
Corporate name or jurisdiction name as entry element შოთა რუსთაველის სახელმწ. უნ-ტი
Subordinate unit სოციალ. მეცნ., ბიზნესისა და სამართალმცოდნ. ფაკ.; იურიდ. მეცნ. დეპარტამენტი.
9 (RLIN) 1406
942 ## - ADDED ENTRY ELEMENTS (KOHA)
Koha item type წიგნი
Source of classification or shelving scheme
ეგზემპლარები
ჩამოწერის სტატუსი დაკარგული ეგზემპლარის სტატუსი კლასიფიკაციის წყარო ან თაროზე გაწყობის სქემა დაზიანების სტატუსი არ გაიცემა მუდმივი მდებარეობა (დაცვის ადგილი) ამჟამინდელი ადგილსამყოფელი თაროზე განთავსების ადგილი შეძენის თარიღი ღირებულება, შესყიდვის ნორმალური ფასი სრული შენახვის შიფრი შტრიხკოდი ბოლო ოპერაციის თარიღი ეგზემპლარის მიმდევრობითი ნომერი (კეტერი?) ფასის ძალაში შესვლის თარიღი ეგზემპლარის სახეობა საჯარო შენიშვნა
          ბათუმის შოთა რუსთაველის სახელმწიფო უნივერსიტეტის მთავარი ბიბლიოთეკა ბათუმის შოთა რუსთაველის სახელმწიფო უნივერსიტეტის მთავარი ბიბლიოთეკა წიგნსაცავი 2018-12-17 2.00 352/354 ფ–98 4442 2018-12-17 4442 2018-12-17 წიგნი 2 ლ.
          ბათუმის შოთა რუსთაველის სახელმწიფო უნივერსიტეტის მთავარი ბიბლიოთეკა ბათუმის შოთა რუსთაველის სახელმწიფო უნივერსიტეტის მთავარი ბიბლიოთეკა წიგნსაცავი 2024-03-06 1.00 352/354 ფ–98 67657 2024-03-06 67657 2024-03-06 წიგნი 1.00